| 000 | 01428nam a2200361 c 4500 | ||
|---|---|---|---|
| 003 | BLK | ||
| 005 | 20250722164855.0 | ||
| 008 | 180411b bul|||||r ||||||| ||bul|| | ||
| 010 | _aKNG00186886000 | ||
| 020 | _a978-954-8311-64-9 | ||
| 040 | _aBLK | ||
| 041 |
_aBUL _cBUL |
||
| 072 | 7 |
_2bullib _aН83 _xЧужда художествена литература Н |
|
| 080 |
_aФренска литература _b821.133.1 _x-31 _z821.133.1-31 |
||
| 100 |
_aШмит, Ерик-Еманюел _9284862 |
||
| 139 |
_aШмит, Ерик-Еманюел _bШ 78 |
||
| 245 | 1 | 0 |
_aПапагалите от площад Арецо _bРоман _cЕрик-Еманюел Шмит; прев. от фр. Зорница Стефанова Китинска. |
| 257 | _aFRA | ||
| 260 |
_bLege Artis _c2015 _fСофия : Артграф _aСофия |
||
| 300 |
_a663 с. _c22 см |
||
| 380 | _aX | ||
| 490 | _aБезкрайна проза | ||
| 500 | _aОриг. загл.: Les perroquets de la place d'Arezzo / Eric-Emmanuel Schmitt. - Биогр. данни за авт. | ||
| 659 | _aН | ||
| 700 | 1 |
_aКитинска, Зорница Стефанова _eпрев. от фр. _979412 |
|
| 852 | _aЦб 279796 | ||
| 856 | 4 | _qpdf | |
| 856 | 4 | _qpdf | |
| 942 |
_cKNG _n0 _018 |
||
| 944 |
_aCR _c07.03.2016 _k30576 _lЦветомила Тодорова |
||
| 944 |
_aED _c18.03.2016 _kГеновева_Генчева |
||
| 999 |
_c178185 _d178185 |
||
| 999 | _d178185 | ||